00823 2200313 4500001002100000005001500021035002000036007000300056008003900059082001400098084002000112100001400132245003900146250001100185260003200196300002100228500011900249600002100368990001200389990001200401990001200413990001200425990001200437990001200449990001200461990001200473990001200485990001200497INLIS00000000000774020220217051212 a0010-0222000022ta220217 | | |  a899.221 3 a899.221 3 TER h0 aTERE LIYE1 aHAFALAN SHALAT DELISA /cTERE LIYE aCet. 1 aJakarta :bREPUBLIKA,c2005 a5 Jilid ;c30 CM aCara penerbitan multibagian Cara penerbitan unit tunggal Berisi lembaran tercetak huruf braille bahasa Indonesia 4aFiksi Indonesia a0215190 a0215192 a0215193 a0215194 a0215195 a0215191 a0215192 a0215193 a0215194 a0215195